Normal view
MARC view
- Mohamed Zahir Ismail,
Entry Personal Name
001 - CONTROL NUMBER
- control field: 4850
003 - CONTROL NUMBER IDENTIFIER
- control field: OSt
005 - DATE AND TIME OF LATEST TRANSACTION
- control field: 20170516094815.0
008 - FIXED-LENGTH DATA ELEMENTS
- fixed length control field: 170516|| aca||aabn | a|a d
040 ## - CATALOGING SOURCE
- Original cataloging agency: OSt
- Transcribing agency: OSt
100 ## - HEADING--PERSONAL NAME
- Personal name: Mohamed Zahir Ismail,
- Titles and other words associated with a name: Tan Sri Dato',
- Dates associated with a name: 1924-2004
670 ## - SOURCE DATA FOUND
- Source citation: Work cat.: (OSt)0: Mohamed Zahir Ismail, Tan Sri Dato', 1924-2004, The legends of Langkawi /, 2000

PORTAL AKMAL
E-MEL JKDM
AKMAL2U
G-BAM
u-PUSTAKA